书目信息 |
| 题名: |
儿童语言发育特点
|
|
| 作者: | 陈艳妮 编著 | |
| 分册: | ||
| 出版信息: | 西安 世界图书出版西安有限公司 2018.11 |
|
| 页数: | 117页 | |
| 开本: | 26cm | |
| 丛书名: | 儿童语言发展障碍丛书 | |
| 单 册: | ||
| 中图分类: | R339.3 | |
| 科图分类: | ||
| 主题词: | 儿童--er tong--语言发育--研究 | |
| 电子资源: | ||
| ISBN: | 978-7-5192-2252-9 | |
| 000 | 01019nam 2200265 450 | |
| 001 | 0109110123 | |
| 005 | 20201109110335.0 | |
| 010 | @a978-7-5192-2252-9@dCNY40.00 | |
| 100 | @a20190226e20202018em y0chiy50 ea | |
| 101 | 0 | @achi |
| 102 | @aCN@b610000 | |
| 105 | @aak az 000yy | |
| 106 | @ar | |
| 200 | 1 | @a儿童语言发育特点@Aer tong yu yan fa yu te dian@f陈艳妮编著 |
| 210 | @a西安@c世界图书出版西安有限公司@d2018.11@h2020.03 | |
| 215 | @a117页@c图@d26cm | |
| 225 | 2 | @a儿童语言发展障碍丛书@Aer tong yu yan fa zhan zhang ai cong shu |
| 320 | @a有书目(第117页) | |
| 330 | @a语言障碍是一种严重影响患者生活质量和心理健康的疾病,特别是在儿童群体中发病率很高。本书介绍婴儿、幼儿、学龄前及学龄期正常儿童语言发育的特点,推出针对各年龄段语言发育促进的易操作性方法和我国目前常用的语言测试方法。 | |
| 461 | 0 | @12001 @a儿童语言发展障碍丛书 |
| 606 | 0 | @a儿童@Aer tong@x语言发育@x研究 |
| 690 | @aR339.3@v5 | |
| 701 | 0 | @a陈艳妮@Achen yan ni@4编著 |
| 801 | 0 | @aCN@bBJSZM@c20201103 |
| 905 | @b1267437-40@dR339.3@e349@f4 | |
| 儿童语言发育特点/陈艳妮编著.-西安:世界图书出版西安有限公司,2018.11(2020.03) |
| 117页:图;26cm.-(儿童语言发展障碍丛书) |
| ISBN 978-7-5192-2252-9:CNY40.00 |
| 语言障碍是一种严重影响患者生活质量和心理健康的疾病,特别是在儿童群体中发病率很高。本书介绍婴儿、幼儿、学龄前及学龄期正常儿童语言发育的特点,推出针对各年龄段语言发育促进的易操作性方法和我国目前常用的语言测试方法。 |
| ● |
| 相关链接 |
|
|
|
|
正题名:儿童语言发育特点
索取号:R339.3/349
 
预约/预借
| 序号 | 登录号 | 条形码 | 馆藏地/架位号 | 状态 | 备注 |
| 1 | 1267437 | 212674373 | 第二样本阅览室/ [索取号:R339.3/349] | 在馆 | |
| 2 | 1267438 | 212674382 | 教育系资料室/ [索取号:R339.3/349] | 在馆 | |
| 3 | 1267439 | 212674391 | 教育系资料室/ [索取号:R339.3/349] | 在馆 | |
| 4 | 1267440 | 212674408 | 第三借阅区/ [索取号:R339.3/349] | 在馆 |